| 000 | 00555nam a2200181 4500 | ||
|---|---|---|---|
| 001 | 17884 | ||
| 005 | 20230410102015.0 | ||
| 008 | 060907n1984 dr spa | ||
| 035 | _9funglode18025 | ||
| 041 | _aES | ||
| 050 | 1 | 4 | _a118 HC 153.5 M375e 1984 |
| 100 | _aMarte, Roberto | ||
| 245 | 1 |
_aEstadísticas y documentos históricos sobre Santo Domingo 1805-1890 / _cRoberto Marte |
|
| 260 |
_aSanto Domingo : _bMuseo Nacional de Historia y Geografía, _c1984 |
||
| 300 | _axviii, 309 p. | ||
| 440 |
_aSerie Documentos ; _v1 |
||
| 942 |
_2lcc _cbk |
||
| 999 |
_c17272 _d17272 |
||